House of the Dragon Season 1 - Who Killed Who - Statistics

General Stats
  • This quiz has been taken 995 times
  • The average score is 8 of 9
Answer Stats
Killed Killer % Correct
Arrax and Lucerys Velaryon Vhagar (independent of Aemond Targaryen)
96%
Craghas Drahar aka "The Crabfeeder" Daemon Targaryen
92%
Rhea Royce Daemon Targaryen
92%
Laena Velaryon Vhagar (on her orders)
92%
Vaemond Velaryon Daemon Targaryen
91%
Aemma Targaryen Grand Maester Mellos, on orders of Viserys Targaryen (attempting to save baby)
90%
Joffrey Lonmouth Criston Cole
79%
Harwin and Lyonel Strong Larys Strong (indirectly)
78%
Lyman Beesbury Criston Cole
63%
No matching quizzes found
Score Distribution
Percent of People with Each Score
Percentile by Number Answered
Your Score History
You have not taken this quiz